| 000 | 01196cam a2200337 i 4500 | ||
|---|---|---|---|
| 999 |
_c34109 _d34109 |
||
| 001 | 18870003 | ||
| 003 | NUST | ||
| 005 | 20170530132017.0 | ||
| 008 | 151124s2015 pk b 000 0 eng | ||
| 010 | _a 2015330120 | ||
| 020 | _a9789695623893 | ||
| 037 |
_bLibrary of Congress -- Islamabad Overseas Office _cRs 1400 |
||
| 040 |
_aDLC _beng _cRCMS _erda _dDLC |
||
| 042 | _alcode | ||
| 043 |
_aa-pk--- _aa-ii--- |
||
| 050 | 0 | 0 |
_a327.5491 MAL _bI53 2015 |
| 082 |
_21st ed. _a327.5491 MAL |
||
| 100 |
_aNadeem Shafiq Malik. _91000 |
||
| 245 | 0 | 4 |
_aThe Indus Waters Treaty, 1960 : _btext and analysis / _ccompiled & edited by, Nadeem Shafiq Malik. |
| 250 | _a1st edition. | ||
| 260 |
_aLahore _bFiction House _c2015 |
||
| 300 |
_a340 pages ; _c25 cm |
||
| 440 |
_aThe Indus Waters Treaty, 1960 : _91641 |
||
| 504 | _aIncludes bibliographical references. | ||
| 538 | _iShelf # 13, Row # 5, Fiction. | ||
| 610 | 1 | 0 |
_aIndia. _tTreaties, etc. _gPakistan, _d1960 September 19. _91642 |
| 651 | 0 |
_aIndus River _xWater rights. _91643 |
|
| 651 | 0 |
_aIndia _xForeign relations _zPakistan. _91644 |
|
| 651 | 0 |
_aPakistan _xForeign relations _zIndia. _91645 |
|
| 700 | 1 |
_aMalik, Nadeem Shafiq, _ecompiler. _9336 |
|
| 856 | 4 | 1 |
_3Table of contents only. _uhttps://www.loc.gov/catdir/toc/fy16pdf03/2015330120.html |
| 906 |
_a7 _bcbc _corigode _d2 _encip _f20 _gy-gencatlg |
||
| 942 |
_2ddc _cBK _h327.5491 MAL |
||